Heat and mass transfer (Record no. 5861)

000 -LEADER
fixed length control field 00529nam a2200205 4500
001 - CONTROL NUMBER
control field 5861
003 - CONTROL NUMBER IDENTIFIER
control field BD-DhUET
008 - FIXED-LENGTH DATA ELEMENTS--GENERAL INFORMATION
fixed length control field 700409m19679999is a b 000 0 eng
040 ## - CATALOGING SOURCE
Original cataloging agency DLC
Transcribing agency DLC
Modifying agency BD-DhUET
082 00 - DEWEY DECIMAL CLASSIFICATION NUMBER
Classification number 621.011
Item number ECK/1959
100 ## - MAIN ENTRY--PERSONAL NAME
Personal name Eckert, R. R. G.
245 00 - TITLE STATEMENT
Title Heat and mass transfer
250 ## - EDITION STATEMENT
Edition statement 2nd ed.
260 ## - PUBLICATION, DISTRIBUTION, ETC. (IMPRINT)
Place of publication, distribution, etc. New York
Name of publisher, distributor, etc. McGraw-Hill
Date of publication, distribution, etc. 1959
300 ## - PHYSICAL DESCRIPTION
Extent xiv, 530p.
490 1# - SERIES STATEMENT
Series statement McGraw-Hill series in mechanical engineering
650 #0 - SUBJECT ADDED ENTRY--TOPICAL TERM
Topical term or geographic name as entry element Heat-Transmission
700 ## - ADDED ENTRY--PERSONAL NAME
Personal name Drake, Robert M.
942 ## - ADDED ENTRY ELEMENTS (KOHA)
Koha item type General Book
Holdings
Source of classification or shelving scheme Copy number Piece designation (barcode) Shelving location Location (home branch) Koha issues (times borrowed) Not for loan Date acquired Lost status Koha normalized classification for sorting Withdrawn status Koha date last borrowed Damaged status Price effective from Koha date last seen Koha item type Koha full call number Sublocation or collection (holding branch)
  36668Circulation sectionCentral Library, BUET  2014-11-29 621_011000000000000_ECK_1959   2014-11-292014-11-29General Book621.011/ECK/1959Central Library, BUET
 214884Circulation sectionCentral Library, BUET  2014-12-03 621_000000000000000_011ECK1959   2014-12-032014-12-03General Book621.011/ECK/1959Central Library, BUET
 311302Circulation sectionCentral Library, BUET  2015-04-12 621_011000000000000_ECK_1959   2015-04-122015-04-12General Book621.011/ECK/1959Central Library, BUET
 431276Circulation sectionCentral Library, BUET  2015-04-12 621_011000000000000_ECK_1959   2015-04-122015-04-12General Book621.011/ECK/1959Central Library, BUET
 531274Circulation sectionCentral Library, BUET  2015-04-12 621_011000000000000_ECK_1959   2015-04-122015-04-12General Book621.011/ECK/1959Central Library, BUET
 631271Circulation sectionCentral Library, BUET  2015-04-12 621_011000000000000_ECK_1959   2015-04-122015-04-12General Book621.011/ECK/1959Central Library, BUET
 731272Circulation sectionCentral Library, BUET  2015-04-12 621_011000000000000_ECK_1959   2015-04-122015-04-12General Book621.011/ECK/1959Central Library, BUET
 831277Circulation sectionCentral Library, BUET1 2015-04-13 621_011000000000000_ECK_1959 2020-03-02 2015-04-132021-11-28General Book621.011/ECK/1959Central Library, BUET
 911301Circulation sectionCentral Library, BUET  2015-04-13 621_011000000000000_ECK_1959   2015-04-132015-04-13General Book621.011/ECK/1959Central Library, BUET
 1011303Circulation sectionCentral Library, BUET  2015-04-13 621_011000000000000_ECK_1959   2015-04-132015-04-13General Book621.011/ECK/1959Central Library, BUET
 1124625Circulation sectionCentral Library, BUET  2015-04-13 621_011000000000000_ECK_1959   2015-04-132015-04-13General Book621.011/ECK/1959Central Library, BUET
 127652Circulation sectionCentral Library, BUET  2015-04-13 621_011000000000000_ECK_1959   2015-04-132015-04-13General Book621.011/ECK/1959Central Library, BUET
 1324320Circulation sectionCentral Library, BUET  2015-04-13 621_011000000000000_ECK_1959   2015-04-132015-04-13General Book621.011/ECK/1959Central Library, BUET
 1424976Circulation sectionCentral Library, BUET  2015-04-13 621_011000000000000_ECK_1959   2015-04-132015-04-13General Book621.011/ECK/1959Central Library, BUET
 1531275Circulation sectionCentral Library, BUET  2015-04-13 621_011000000000000_ECK_1959   2015-04-132015-04-13General Book621.011/ECK/1959Central Library, BUET
 167655Reading sectionCentral Library, BUET  2015-06-16 621_011000000000000_ECK_1959   2015-06-162015-06-16General Book621.011/ECK/1959Central Library, BUET